Score 0/21 Timer 04:00
0 Plays Today
Fruit In Other Languages Fruit in English % Correct
lumi, citrina, llimonaLemon
91.3%
nettarina, nektarina, nektarienNectarine
86.6%
pera, piorra, hruškaPear
85.4%
mangga, embe, mànecMango
85.4%
meló, dinja, kavunMelon
80.3%
naranča, portokall, apelsīnsOrange
79.8%
lemmetjie, limau, lachoLime
77.4%
nanas, anann, pinyaPineapple
73.1%
acinus, uva, winogronoGrape
71.9%
maduixa, morango, fraiseStrawberry
71.9%
plóma, luumu, llokumPlum
71.6%
Fruit In Other Languages Fruit in English % Correct
pisang, ndizi, plátanoBanana
71.5%
framboise, hindbær, himbeereRaspberry
63.1%
paradicsom, domates, trátaíTomato
60.4%
abrikos, bricyll, abrikoosApricot
55%
jabolko, afal, táoApple
53.4%
litschi, lichia, vải thiềuLychee
53%
češnja, kiraz, kirsebærCherry
39.3%
mirtillo, borůvka, heidelbeereBlueberry
38.1%
broskyňa, melocotón, perzikPeach
35.9%
grānātābols, rodie, granatmedisPomegranate
30.2%

You're not logged in!

Compare scores with friends on all Sporcle quizzes.
OR
Log In

Sporcle TV

Today on Sporcle TV


Watch our educational content, quiz creation guides, and fun videos on Sporcle TV.

Show Comments

Extras

Top Quizzes Today


Score Distribution

Paid Content

Your Account Isn't Verified!

In order to create a playlist on Sporcle, you need to verify the email address you used during registration. Go to your Sporcle Settings to finish the process.

Report this User

Report this user for behavior that violates our Community Guidelines.

Details: